| 000 | 00567nam a2200229Ia 4500 | ||
|---|---|---|---|
| 001 | 925 | ||
| 003 | GE_BSU | ||
| 008 | 181216s||||||||xx |||||||||||||| ||und|| | ||
| 020 | _a5980321020 | ||
| 040 | _cGE_BSU | ||
| 080 | _a336(075.8) | ||
| 100 | _aКовалев,В.В.;Ковалев, Вит.В | ||
| 245 | _aФинансы предприятии | ||
| 245 | _bУч-к | ||
| 260 | _aМосква | ||
| 260 | _bПроспект | ||
| 260 | _c2003 | ||
| 300 | _a352стр. | ||
| 541 | _h18л. | ||
| 653 | _aФинансы предприятии | ||
| 942 | _cBK | ||
| 999 |
_c35084 _d35084 |
||